000
00348nam a2200133Ia 4500
008
231129s1996||||xx |||||||||||||| ||spa||
020
_a
958-04-3099-3
040
_b
spa
082
_a
986.1 H673
245
0
_a
Historia de la vida cotidiana en Colombia
260
_c
1996
264
_a
Norma
942
_2
ddc
_c
BKS
999
_c
15177
_d
15177